| 000 | 00656nam a2200205 i 4500 | ||
|---|---|---|---|
| 001 | 4622626 | ||
| 003 | OSt | ||
| 005 | 20150304175308.0 | ||
| 008 | 770926t1972es a f000 1 spa | ||
| 040 | _cBMC | ||
| 082 | _a808.0687284 | ||
| 100 | 2 |
_aGonzález Montalvo, Ramón _d1909- _931794 |
|
| 245 | 1 | 0 |
_aPacunes _b: estampas campestres de Cuscatlán _cRamón González Montalvo |
| 250 | _a1ª ed | ||
| 260 |
_aSan Salvador _bMinisterio de Educación, Dirección de Cultura, Dirección de Publicaciones _c1973 |
||
| 300 |
_a147 p. _bil. _c20 cm |
||
| 490 | 0 |
_aColección Narradores _v5 |
|
| 650 | 2 | 4 |
_929639 _aCuentos salvadoreños |
| 942 |
_2ddc _cBK _hahoj |
||
| 999 |
_c19243 _d19243 |
||